=LDR 00000nam 2200000 4500 =001 NUTBA000000000005008 =005 20250306083623 =035 ##$$a 0010-101400000000238 =008 250306################c##########0#ind## =020 ##$$a 978-979-9133-77-9 =040 ##$$a NBPDMAT =082 ##$$a 398.209 598 1 =090 ##$$a 398.209 598 1 $b Buy t =100 ##$$a R.M.Buya Ast =245 1#$$a Tuanku tambusai /$c R.M.Buya Ast =260 ##$$a Surabaya :$b Bintang Books,$c 2009 =300 ##$$a 56 hlm. : $b ilus. ; $c 21 x 15 cm. =500 ##$$a Bibliografi : hlm. 54 =650 #4$$a Cerita Rakyat - Sumatera =850 ##$$a NBPDMAT =084 ##$$a 398.209 598 1 Buy t =990 ##$$a 21411777 =990 ##$$a 21411778 =990 ##$$a 21411779 =990 ##$$a 21411780 =990 ##$$a 21411781